[Event "Bundesliga 1617"]
[Site "Germany"]
[Date "2016.11.19"]
[Round "3.4"]
[White "Ernst, Sipke"]
[Black "Landa, Konstantin"]
[Result "1-0"]
[WhiteElo "2540"]
[BlackElo "2601"]
[PlyCount "233"]
[EventDate "2016.10.15"]
[EventType "team-tourn"]
[EventRounds "15"]
[EventCountry "GER"]
[SourceTitle "CBM 176"]
[Source "ChessBase"]
[SourceDate "2017.01.17"]
[SourceVersion "1"]
[SourceVersionDate "2017.01.17"]
[SourceQuality "1"]
[WhiteTeam "Hamburger SK"]
[BlackTeam "Muelheim"]
[WhiteTeamCountry "GER"]
[BlackTeamCountry "GER"]

1. Nf3 d5 2. g3 g6 3. Bg2 Bg7 4. O-O e5 5. c4 dxc4 6. Nc3 Nc6 7. Qa4 Nge7 8. Qxc4 O-O ({RR} 8... h6 9. d3 O-O 10. Bd2 Be6 11. Qa4 Kh7 12. Ne4 Rb8 13. Rfc1 a6 14. Rab1 Bd5 15. Nc3 Be6 16. Qh4 Nf5 17. Qxd8 Rfxd8 18. Ne1 Nfe7 19. b3 f5 20. Na4 Bd5 21. Bxd5 Rxd5 22. Kf1 Kg8 23. Rc2 {Ernst,S (2522)-Kaufeld,J (2296) Novi Sad 2017 1-0 (42)}) 9. d3 Be6 10. Qh4 ({RR} 10. Qa4 h6 11. Be3 Qd7 12. Rac1 Rfe8 13. Kh1 f5 14. Bc5 Rad8 15. Nd2 e4 16. Rfd1 exd3 17. exd3 b6 18. Be3 Ne5 19. Qxa7 Nxd3 20. Nb3 Bxc3 21. bxc3 Bd5 22. Bxd5+ Qxd5+ 23. Kg1 Nc6 24. Qxc7 Nce5 {Saha,A (2022)-Shankland,S (2671) chess.com INT 2024 0-1 (37)}) 10... f6 11. Qa4 $146 ({RR} 11. Bd2 Kh8 12. Bh6 Qd7 13. Bxg7+ Kxg7 14. Qa4 Rfd8 15. b4 Nd5 16. Nxd5 Bxd5 17. b5 Ne7 18. Qb4 a5 19. Qc3 Qxb5 20. Qxc7 Rd7 21. Qc3 Rc8 22. Qa3 Rc2 23. Rfb1 Qa6 24. Rb2 Qc6 25. Rxc2 Qxc2 {Klimm,W (2212)-Slobodjan,R (2550) Arco 1999 0-1 (73)}) ({RR} 11. Bd2 Qd7 12. Rfd1 Nd4 13. Rac1 c6 14. b3 g5 15. Nxg5 fxg5 16. Bxg5 Nef5 17. Qh5 Nd6 18. e3 Bg4 19. Qh4 Nf3+ 20. Bxf3 Bxf3 21. Rd2 h6 22. Bxh6 Nf5 23. Qc4+ Bd5 24. Nxd5 cxd5 25. Qg4 Rf7 {Mendes,R (1918)-Van Riemsdijk,H (2337) Sao Paulo 2015 ½-½}) 11... Qd7 12. b3 f5 13. Ng5 e4 14. Bb2 exd3 15. Rad1 d2 16. Nxe6 Qxe6 17. Rxd2 Rad8 18. Rfd1 Rxd2 19. Rxd2 a6 20. e3 Kh8 21. Qa3 Qc8 22. Nd5 Nxd5 23. Bxd5 Rd8 24. Be6 Qa8 25. Bxg7+ Kxg7 26. Qb2+ Kh6 27. Bd7 Qa7 28. Bxc6 Rxd2 29. Qxd2 bxc6 30. e4+ Kg7 31. Qc3+ Kf7 32. exf5 Qb6 33. Qc4+ Kg7 34. fxg6 hxg6 35. b4 a5 36. bxa5 Qxa5 37. Qxc6 Qxa2 38. Qxc7+ Kh6 39. h4 Qb1+ 40. Kh2 Qd1 41. Qf7 Qd8 42. Kh3 Qd1 43. Kg2 Qd8 44. Kh2 Qc8 45. Qe7 Qc2 46. Qf8+ Kh7 47. Qf7+ Kh6 48. g4 Qd1 49. Qf8+ Kh7 50. Qe7+ Kh8 51. Qe4 Qf1 52. Qe3 Kg7 53. f3 Qb5 54. Qe7+ Kg8 55. Kg3 Qb8+ 56. Kh3 Qb1 57. Qe3 Kh7 58. Kg3 Qb8+ 59. Qf4 Qa7 60. Qc1 Qb8+ 61. Kg2 Qe5 62. Qd2 Kg7 63. Kh3 Kh7 64. Qd7+ Kg8 65. Qb7 Kh8 66. Qe4 Qb5 67. Qe3 Kg7 68. Qe7+ Kg8 69. Qd8+ Kg7 70. Qc7+ Kg8 71. Kg3 Qd5 72. Qc8+ Kh7 73. Qb8 Kg7 74. Qb2+ Kh7 75. Qf6 Qc5 76. Qf7+ Kh8 77. Qe8+ Kg7 78. Qd7+ Kg8 79. Qd1 Qe5+ 80. f4 Qe3+ 81. Qf3 Qe1+ 82. Kh3 Kg7 83. Qb7+ Kh8 84. Qa8+ Kg7 85. Qf3 Qe6 86. Qc3+ Kh7 87. Kg3 Qb6 88. Qf3 Kg7 89. g5 Qc5 90. Qb7+ Kg8 91. Kf3 Qc4 92. Qb8+ Kh7 93. Qd6 Kg7 94. Ke3 Qc3+ 95. Ke4 Qe1+ 96. Kd5 Qxh4 97. Qe5+ Kh7 98. Ke6 Qf2 99. Qc7+ Kg8 100. Qf7+ Kh8 101. Qf8+ Kh7 102. Qh6+ Kg8 103. Qxg6+ Kh8 104. Qf6+ Kg8 105. Qd8+ Kg7 106. Qc7+ Kg8 107. Kf6 Qd4+ 108. Qe5 Qd8+ 109. Qe7 Qd4+ 110. Kg6 Qb6+ 111. Qf6 Qc7 112. Qe6+ Kf8 113. Qf5+ Kg8 114. Qd5+ Kf8 115. Qa8+ Ke7 116. f5 Qc2 117. Qd5 1-0

[Event "Bundesliga 1617"]
[Site "Germany"]
[Date "2017.02.18"]
[Round "7.1"]
[White "Giri, Anish"]
[Black "Gajewski, Grzegorz"]
[Result "1-0"]
[WhiteElo "2756"]
[BlackElo "2621"]
[PlyCount "45"]
[EventDate "2016.10.15"]
[EventType "team-tourn"]
[EventRounds "15"]
[EventCountry "GER"]
[SourceTitle "CBM 177"]
[Source "ChessBase"]
[SourceDate "2017.03.16"]
[SourceVersion "1"]
[SourceVersionDate "2017.03.16"]
[SourceQuality "1"]
[WhiteTeam "Solingen"]
[BlackTeam "Dresden"]
[WhiteTeamCountry "GER"]
[BlackTeamCountry "GER"]

1. Nf3 d5 2. g3 Nf6 3. Bg2 Bg4 4. c4 Bxf3 5. Bxf3 c6 6. Qb3 Qd7 7. d4 e6 8. O-O b5 $146 ({RR} 8... Be7 9. Nc3 b6 10. Rd1 Na6 11. e4 dxe4 12. Nxe4 Rc8 13. Nxf6+ Bxf6 14. Qa3 Nb8 15. d5 Qe7 16. Qa4 O-O 17. dxc6 Qc5 18. Be3 Qf5 19. Bg2 Bxb2 20. Rab1 Bf6 21. c5 Bd8 22. Qxa7 Nxc6 23. Bxc6 {Tanaka,T (2256)-Taylor,A (1839) Toronto CAN 2024 1-0}) ({RR} 8... Be7 9. Nc3 O-O 10. Bf4 Na6 11. Rfd1 Rac8 12. e4 dxe4 13. Nxe4 Nxe4 14. Bxe4 g6 15. Be3 Qc7 16. Rac1 Qb6 17. Qc2 c5 18. d5 exd5 19. Bxd5 Nb4 20. Qa4 Bf6 21. b3 Rfd8 22. Be4 Nc6 23. Bxc6 {Malakhov,V (2707)-Mozharov,M (2508) Moscow 2013 1-0 (37)}) 9. cxb5 cxb5 10. Rd1 a6 11. a4 b4 12. Bg5 Be7 13. Bxf6 Bxf6 14. e4 Nc6 15. exd5 Nxd4 16. dxe6 Nxb3 17. exd7+ Kd8 18. Bxa8 Nxa1 19. Nd2 Kc7 20. Rc1+ Kb8 21. Bg2 Bxb2 22. Rc4 Bc3 23. Bh3 1-0

[Event "Bundesliga 1617"]
[Site "Germany"]
[Date "2017.03.18"]
[Round "9.1"]
[White "Movsesian, Sergei"]
[Black "Smerdon, David"]
[Result "1-0"]
[WhiteElo "2677"]
[BlackElo "2527"]
[PlyCount "73"]
[EventDate "2016.10.15"]
[EventType "team-tourn"]
[EventRounds "15"]
[EventCountry "GER"]
[SourceTitle "CBM 178"]
[Source "ChessBase"]
[SourceDate "2017.05.14"]
[SourceVersion "1"]
[SourceVersionDate "2017.05.14"]
[SourceQuality "1"]
[WhiteTeam "Baden-Baden"]
[BlackTeam "Werder Bremen"]
[WhiteTeamCountry "GER"]
[BlackTeamCountry "GER"]

1. Nf3 d5 2. g3 g6 3. Bg2 Bg7 4. c4 dxc4 5. Qa4+ Nc6 6. Qxc4 e5 7. d3 ({RR} 7. O-O Nge7 8. d3 O-O 9. Nc3 h6 10. Qh4 g5 11. Bxg5 hxg5 12. Nxg5 Bf5 13. Be4 Qd7 14. g4 f6 15. Bxf5 Qxf5 16. gxf5 fxg5 17. Qc4+ Kh8 18. e4 Rad8 19. Rad1 Bf6 20. Kh1 Rd7 21. Rg1 Nd4 {Andreikin,D (2729)-Nakamura,H (2802) chess.com INT 2024 1-0 (45)}) 7... Nge7 8. h4 $146 ({RR} 8. Nc3 O-O 9. O-O h6 10. Bd2 Be6 11. Qa4 f5 12. Rac1 Nd4 13. Qd1 Rc8 14. Ne1 Qd7 15. e3 Ndc6 16. Qe2 Rfd8 17. Rd1 Nb4 18. Bc1 Nxa2 19. Bxb7 Rb8 20. Bg2 Nxc3 21. bxc3 e4 22. f3 Nd5 {Cu,I (2266)-Vrashank,C (2199) Hanoi VIE 2024 0-1}) ({RR} 8. O-O O-O 9. Nc3 h6 10. Qh4 Nd4 11. Nxd4 exd4 12. Ne4 Nd5 13. Qxd8 Rxd8 14. Rb1 a5 15. Re1 a4 16. Bf3 b6 17. g4 Be6 18. a3 Ra7 19. Bd2 c5 20. Rec1 Ne7 21. h3 Kh7 22. Bf4 Ba2 {Donchenko,A (2581)-Kasimdzhanov,R (2691) Germany 2017 ½-½ (66)}) 8... h6 9. Nc3 Be6 10. Qa4 Qd7 11. Ne4 b6 12. h5 f5 13. Nc3 g5 14. Nxg5 hxg5 15. Bxg5 Bh6 16. Bxe7 Nxe7 17. Bxa8 c6 18. Rd1 Kf7 19. d4 exd4 20. Rxd4 Qc7 21. Bxc6 Nxc6 22. Rd1 Ne5 23. O-O Rg8 24. Nd5 Qb7 25. Nf4 Bxf4 26. Qxf4 Ng4 27. Rc1 Qe4 28. Rc7+ Kf6 29. Qxe4 fxe4 30. Rxa7 Bc4 31. Re1 Rg5 32. f3 exf3 33. exf3 Ne5 34. f4 Rxg3+ 35. Kh2 Nf3+ 36. Kxg3 Nxe1 37. h6 1-0

[Event "Chigorin Memorial 24th"]
[Site "St Petersburg"]
[Date "2016.10.19"]
[Round "5"]
[White "Kovalev, Vladislav"]
[Black "Brodsky, Michail"]
[Result "1-0"]
[WhiteElo "2609"]
[BlackElo "2524"]
[PlyCount "77"]
[EventDate "2016.10.15"]
[EventType "swiss"]
[EventRounds "9"]
[EventCountry "RUS"]
[SourceTitle "CBM 175 Extra"]
[Source "ChessBase"]
[SourceDate "2016.12.12"]
[SourceVersion "1"]
[SourceVersionDate "2016.12.12"]
[SourceQuality "1"]

1. Nf3 e6 2. g3 b5 3. Bg2 Bb7 4. O-O c5 5. d3 d6 6. e4 Be7 7. a4 b4 8. Nbd2 Nd7 9. Nc4 Ngf6 10. Bf4 e5 11. Bd2 O-O $146 ({RR} 11... a5 12. Nh4 Nb6 13. Nf5 Bf8 14. Nxb6 Qxb6 15. f4 g6 16. Ne3 Bg7 17. g4 h6 18. Qf3 Qc7 19. Nc4 Nd7 20. h4 h5 21. g5 exf4 22. Bxf4 Bd4+ 23. Kh1 Ra6 24. Nxd6+ Rxd6 25. Qg3 {1-0 (25) Korpa,B (2516)-Bezuidenhout,R (2265) Hastings ENG 2023}) ({RR} 11... a5 12. Nh4 Nb6 13. Nf5 Bf8 14. Nxb6 Qxb6 15. f4 g6 16. Ne3 Bg7 17. g4 h6 18. Qf3 Qc7 19. Nc4 Nd7 20. h4 h5 21. g5 exf4 22. Bxf4 Bd4+ 23. Kh1 Ra6 24. Nxd6+ Rxd6 25. Qg3 {1-0 (25) Korpa,B (2516)-Bezuidenhout,R (2265) Hastings ENG 2023}) 12. a5 Rb8 13. Nh4 g6 14. f4 Ne8 15. Nf3 Ng7 16. Kh1 exf4 17. Bxf4 Qc7 18. g4 f6 19. Qd2 Ne5 20. Ne3 Rf7 21. Bh6 Qd7 22. Nxe5 dxe5 23. g5 Nh5 24. a6 Bc6 25. Nc4 Qe6 26. gxf6 Bxf6 27. Be3 Bb5 28. Na5 Be7 29. Rxf7 Qxf7 30. Nb7 Qf8 31. Ra5 Bxa6 32. Nxc5 Bc8 33. Qf2 Nf6 34. Rxa7 Bg4 35. h3 Rc8 36. Ra5 Nd7 37. Nxd7 Qxf2 38. Bxf2 Bxd7 39. Ra7 1-0

[Event "Francophone-ch 4th"]
[Site "Menton"]
[Date "2016.10.30"]
[Round "9"]
[White "Amin, Bassem"]
[Black "Lesiege, Alexandre"]
[Result "1-0"]
[WhiteElo "2655"]
[BlackElo "2521"]
[PlyCount "69"]
[EventDate "2016.10.23"]
[EventType "swiss"]
[EventRounds "9"]
[EventCountry "FRA"]
[SourceTitle "EXT 2018"]
[Source "ChessBase"]
[SourceDate "2017.10.13"]
[SourceVersion "1"]
[SourceVersionDate "2017.10.13"]
[SourceQuality "1"]

1. Nf3 Nf6 2. g3 d5 3. Bg2 g6 4. O-O Bg7 5. d3 O-O 6. Nbd2 Nc6 7. c3 e5 8. e4 b6 ({RR} 8... dxe4 9. Nxe4 Nxe4 10. dxe4 Be6 11. b3 Qxd1 12. Rxd1 Rfd8 13. Be3 f6 14. Nd2 Rd3 15. Rac1 Rad8 16. Bf1 Rxe3 17. fxe3 Bg4 18. Kf2 Bxd1 19. Rxd1 Kf8 20. Ke2 Bh6 21. Bh3 Ke7 22. Nf1 Rxd1 23. Kxd1 {Tabuenca Mendataurigoitia,D (2341)-Pultinevicius,P (2575) chess.com INT 2024 1-0 (39)}) 9. Re1 dxe4 ({RR} 9... Bb7 10. b4 a6 11. Bb2 {½-½ (11) Zvjaginsev,V (2660)-Inarkiev,E (2664) St Petersburg 2015}) 10. dxe4 a5 $146 ({RR} 10... Ba6 11. Qa4 Bb7 12. Nc4 Nd7 13. Bg5 f6 14. Be3 Qe7 15. b4 Kh8 16. Rad1 a6 17. Qa3 Qf7 18. Qb3 Nd8 19. Ncd2 Ne6 20. Bf1 Rfe8 21. Bc4 b5 22. Bd5 c6 23. Bxe6 Rxe6 24. Qc2 Bf8 25. Nb3 {Ferraro,C (2170)-Campitelli,G (2205) Buenos Aires 1998 ½-½ (50)}) 11. Bf1 Bb7 12. Qc2 Qc8 13. a4 h6 14. b3 Re8 15. Ba3 Bf8 16. Bxf8 Kxf8 17. Rad1 Kg7 18. Nc4 h5 19. Ng5 h4 20. Bh3 Qb8 21. Ne3 Rh8 22. Nd5 hxg3 23. fxg3 Nh7 24. Nf3 Nf8 25. Bf1 Nh7 26. Qf2 Re8 27. Bb5 Re6 28. Rf1 Nd8 29. Bc4 Ba6 30. h4 Bxc4 31. bxc4 f6 32. h5 g5 33. Nh2 Qb7 34. Qf5 Kh8 35. Ng4 1-0

[Event "Teheran Paytakht Cup 1st"]
[Site "Teheran"]
[Date "2016.11.01"]
[Round "9"]
[White "Idani, Pouya"]
[Black "Bernadskiy, Vitaliy"]
[Result "1-0"]
[WhiteElo "2551"]
[BlackElo "2539"]
[PlyCount "41"]
[EventDate "2016.10.25"]
[EventType "swiss"]
[EventRounds "9"]
[EventCountry "IRI"]
[SourceTitle "EXT 2018"]
[Source "ChessBase"]
[SourceDate "2017.10.13"]
[SourceVersion "1"]
[SourceVersionDate "2017.10.13"]
[SourceQuality "1"]

1. Nf3 e6 2. g3 b5 3. Bg2 Bb7 4. O-O Nf6 5. b3 Be7 6. c4 b4 7. Bb2 O-O 8. a3 a5 9. axb4 axb4 10. Rxa8 Bxa8 11. d3 c5 12. Nbd2 Nc6 13. e3 $146 ({RR} 13. Qa1 Bb7 14. Ne5 Qc7 15. Nxc6 Bxc6 16. d4 Ra8 17. Qb1 cxd4 18. Bxd4 e5 19. Bb2 Bxg2 20. Kxg2 Qc6+ 21. Kg1 d6 22. Rd1 h5 23. Nf1 Qe4 24. Ne3 Qxb1 25. Rxb1 g6 26. Ra1 Rxa1+ 27. Bxa1 Kf8 {Ozen,B (2369)-Makarian,R (2554) chess.com INT 2022 ½-½ (56)}) ({RR} 13. Qa1 Bb7 14. Ne5 Qc7 15. Nxc6 Bxc6 16. d4 Ra8 17. Qb1 cxd4 18. Bxd4 e5 19. Bb2 Bxg2 20. Kxg2 Qc6+ 21. Kg1 d6 22. Rd1 h5 23. Nf1 Qe4 24. Ne3 Qxb1 25. Rxb1 g6 26. Ra1 Rxa1+ 27. Bxa1 Kf8 {Ozen,B (2369)-Makarian,R (2554) chess.com INT 2022 ½-½ (56)}) 13... Qc7 14. Qc2 d6 15. Rc1 Ne5 16. Ra1 Nxf3+ 17. Bxf3 Bxf3 18. Nxf3 Qb7 19. e4 Ra8 20. Qb1 Nd7 21. d4 1-0

[Event "HUN-chT 1617"]
[Site "Hungary"]
[Date "2016.11.13"]
[Round "2.1"]
[White "Gledura, Benjamin"]
[Black "Antal, Gergely"]
[Result "1-0"]
[WhiteElo "2585"]
[BlackElo "2541"]
[PlyCount "91"]
[EventDate "2016.10.30"]
[EventType "team-tourn"]
[EventRounds "9"]
[EventCountry "HUN"]
[SourceTitle "CBM 175 Extra"]
[Source "ChessBase"]
[SourceDate "2016.12.12"]
[SourceVersion "1"]
[SourceVersionDate "2016.12.12"]
[SourceQuality "1"]
[WhiteTeam "HASE Lila Futo"]
[BlackTeam "Penzugyor"]
[WhiteTeamCountry "HUN"]
[BlackTeamCountry "HUN"]

1. Nf3 d5 2. g3 g6 3. c4 d4 4. b4 Bg7 5. d3 e5 6. Bg2 Ne7 7. O-O O-O 8. a4 a5 9. b5 c5 10. Ra2 ({RR} 10. Nbd2 Ra7 11. Ra3 b6 12. e3 h6 13. exd4 exd4 14. Re1 Nf5 15. Ra2 Nd6 16. Ne4 Nxe4 17. Rxe4 Bf5 18. Re1 Re8 19. Rxe8+ Qxe8 20. Re2 Re7 21. Rxe7 Qxe7 22. Nh4 Bc8 23. Bf4 Nd7 24. Bc7 Be5 {Fressinet,L (2717)-Le,Q (2712) Dubai 2014 ½-½ (43)}) ({RR} 10. bxc6 Nexc6 11. Ba3 Re8 12. Nbd2 Nd7 13. Ne4 Nf6 14. Nd6 Re6 15. Nxc8 Rxc8 16. Bh3 Re8 17. Bxc8 Qxc8 18. Rb1 Qh3 19. Rxb7 Ng4 20. Qb3 e4 21. dxe4 Nce5 22. Rd1 d3 23. Rxd3 Nxf3+ {0-1 (23) Mekhitarian,K (2564)-Platzgummer,F (2291) chess.com INT 2025}) 10... Ra7 11. e3 Nf5 12. exd4 Nxd4 $146 ({RR} 12... exd4 13. Bf4 Nd7 14. Re1 h6 15. h4 Nf6 16. Ne5 Nd7 17. Nf3 Nf6 18. Rae2 Ng4 19. Nbd2 b6 20. Ne4 Re7 21. Bh3 h5 22. Bg2 f6 23. Qd2 Rfe8 24. Nh2 Ne5 25. Nf3 Ng4 26. Nh2 Ne5 27. Nf3 {Palachev,P (2403)-Triapishko,A (2474) Sochi 2016 ½-½}) 13. Nxd4 Qxd4 14. Be3 Qd6 15. Nc3 b6 16. Nd5 Nd7 17. f4 Bb7 18. Re2 Re8 19. Rfe1 f6 20. Qd2 Kh8 21. fxe5 fxe5 22. Bg5 Nf6 23. Bxf6 Bxf6 24. Nc3 Qd4+ 25. Rf2 e4 26. Nxe4 Bxe4 27. Rxe4 Rxe4 28. Bxe4 Rf7 29. Kg2 Bg5 30. Qe2 Rxf2+ 31. Qxf2 Qxf2+ 32. Kxf2 Kg7 33. Kf3 Kf6 34. d4 cxd4 35. c5 Ke5 36. cxb6 Bd8 37. b7 Bc7 38. h4 Kf6 39. g4 h6 40. Bxg6 Kxg6 41. Ke4 Kf6 42. Kxd4 Ke6 43. Kc5 Kd7 44. g5 hxg5 45. hxg5 Be5 46. Kd5 1-0

[Event "Munich Krulich Cup"]
[Site "Munich"]
[Date "2016.11.26"]
[Round "4"]
[White "Short, Nigel D"]
[Black "Kindermann, Stefan"]
[Result "1-0"]
[WhiteElo "2723"]
[BlackElo "2528"]
[PlyCount "65"]
[EventDate "2016.11.26"]
[EventType "tourn (rapid)"]
[EventRounds "11"]
[EventCountry "GER"]
[SourceTitle "CBM 175 Extra"]
[Source "ChessBase"]
[SourceDate "2016.12.12"]
[SourceVersion "1"]
[SourceVersionDate "2016.12.12"]
[SourceQuality "1"]

1. Nf3 f5 2. g3 Nf6 3. Bg2 g6 4. b4 Bg7 5. Bb2 O-O 6. O-O c6 7. c4 d6 ({RR} 7... d5 8. d3 a5 9. a3 dxc4 10. dxc4 Qxd1 11. Rxd1 Ne4 12. Bxg7 Kxg7 13. Nbd2 Nc3 14. Re1 axb4 15. axb4 Nxe2+ 16. Kf1 Rxa1 17. Rxa1 Nc3 18. Ra3 Ne4 19. Nxe4 fxe4 20. Ng5 h6 21. Nxe4 Be6 22. c5 {Povshednyi,I (2291)-Lai,D (2072) chess.com INT 2025 0-1 (84)}) 8. d4 a5 $146 ({RR} 8... Be6 9. d5 cxd5 10. Ng5 Bc8 11. Bxd5+ Nxd5 12. Qxd5+ Kh8 13. Bxg7+ Kxg7 14. Nc3 Na6 15. Rfd1 Nxb4 16. Qd4+ e5 17. Qxd6 Qxd6 18. Rxd6 h6 19. Nf3 Nc6 20. Rad1 e4 21. Nd4 Ne5 22. c5 Nf7 23. Rd5 {Meskanen,V-Vaatainen,T (2245) Jyvaskyla 1997 0-1 (48)}) ({RR} 8... Qe8 9. Qb3 Nbd7 10. Nbd2 h6 11. Rae1 e5 12. e4 f4 13. c5+ Kh8 14. cxd6 Nh7 15. Nc4 g5 16. Ncxe5 Nxe5 17. Nxe5 Bxe5 18. dxe5 Be6 19. Qc3 g4 20. gxf4 Rxf4 21. Bc1 Rf3 22. Bxf3 gxf3 23. Qxf3 {Vijayalakshmi,S (2417)-Wilfert,A (2105) Nuremberg 2006 1-0 (33)}) 9. b5 cxb5 10. cxb5 a4 11. Qd3 Nbd7 12. Nbd2 Nb6 13. Rfc1 Bd7 14. Ba3 Qe8 15. Rab1 Ra5 16. Ne1 Nfd5 17. Nc4 Rxb5 18. Nxb6 Nxb6 19. Bxb7 Kh8 20. d5 f4 21. Nf3 Rxb1 22. Qxb1 Qd8 23. Bb2 fxg3 24. hxg3 Bf5 25. Bxg7+ Kxg7 26. Qb2+ Kg8 27. Nd4 Nd7 28. e4 Bh3 29. Bc8 h5 30. f3 Qa5 31. Kh2 Nc5 32. Bxh3 Nd3 33. Qc3 1-0

[Event "RUS GP Gp rapid final"]
[Site "Khanty-Mansiysk"]
[Date "2016.12.02"]
[Round "10.7"]
[White "Jakovenko, Dmitrij"]
[Black "Volkov, Sergey"]
[Result "1-0"]
[WhiteElo "2704"]
[BlackElo "2624"]
[PlyCount "105"]
[EventDate "2016.12.01"]
[EventType "tourn (rapid)"]
[EventRounds "15"]
[EventCountry "RUS"]
[EventCategory "13"]
[SourceTitle "CBM 176 Extra"]
[Source "ChessBase"]
[SourceDate "2017.03.02"]
[SourceVersion "1"]
[SourceVersionDate "2017.03.02"]
[SourceQuality "1"]

1. Nf3 d5 2. g3 c5 3. Bg2 g6 4. c4 d4 5. b4 cxb4 6. a3 b3 7. d3 Nc6 8. O-O Nf6 9. Nbd2 Bg7 10. Nxb3 O-O 11. a4 a5 $146 ({RR} 11... Ne8 12. a5 Nc7 13. Nfd2 Na6 14. Ne4 Rb8 15. Ba3 Re8 16. Qd2 h5 17. Rfb1 Kh7 18. Nec5 Nxc5 19. Nxc5 Qc7 20. Qf4 e5 21. Qf3 f5 22. Na6 bxa6 23. Qxc6 Rxb1+ 24. Rxb1 Qxc6 25. Bxc6 Rd8 26. Rb8 {Spiridonov,N (2400)-Derieux,C (2172) Cannes 2000 1-0}) 12. Ba3 Re8 13. Rb1 e5 14. Ng5 h6 15. Ne4 Nxe4 16. Bxe4 Qc7 17. Nd2 Bf8 18. c5 Nb4 19. Bxb4 axb4 20. Rxb4 Bxc5 21. Qc2 Qe7 22. Rb5 Bd6 23. Nc4 Ra7 24. Rfb1 Kg7 25. a5 Qc7 26. Bxb7 Bd7 27. R5b2 Be6 28. Nxd6 Qxd6 29. a6 Rxa6 30. Bxa6 Qxa6 31. Qc5 Bh3 32. f3 h5 33. Kf2 Qf6 34. Rb8 Bd7 35. Rxe8 Bxe8 36. Rb8 Qe6 37. Qc8 Qxc8 38. Rxc8 Bd7 39. Rd8 Be6 40. Rd6 Kf6 41. f4 g5 42. fxe5+ Kxe5 43. Ra6 f5 44. Ra5+ Bd5 45. Ra7 f4 46. Rh7 fxg3+ 47. hxg3 h4 48. gxh4 gxh4 49. Rh5+ Kd6 50. Rxh4 Ke5 51. Rh5+ Ke6 52. Rxd5 Kxd5 53. Kf3 1-0

[Event "RUS Cup final"]
[Site "Khanty-Mansiysk"]
[Date "2016.12.05"]
[Round "1.1"]
[White "Khismatullin, Denis Rimovich"]
[Black "Pridorozhni, Aleksei"]
[Result "1-0"]
[WhiteElo "2619"]
[BlackElo "2577"]
[PlyCount "101"]
[EventDate "2016.12.05"]
[EventType "k.o."]
[EventRounds "4"]
[EventCountry "RUS"]
[SourceTitle "CBM 176"]
[Source "ChessBase"]
[SourceDate "2017.01.17"]
[SourceVersion "1"]
[SourceVersionDate "2017.01.17"]
[SourceQuality "1"]

1. Nf3 e6 2. g3 b5 3. Bg2 Bb7 4. O-O c5 5. b3 ({RR} 5. Na3 b4 6. Nc4 d5 7. Nce5 f6 8. Nd3 c4 9. Nf4 Qd7 10. Nd4 e5 11. Bh3 Qe7 12. Nf5 Qc7 13. Ne6 Qd7 14. d4 g6 15. e4 dxe4 16. dxe5 Qxd1 17. Rxd1 gxf5 18. Bxf5 Ne7 19. Nc7+ Kf7 {Andreikin,D (2695)-Budisavljevic,L (2499) chess.com INT 2025 1-0}) ({RR} 5. d3 Be7 6. Nbd2 Nf6 7. c4 a6 8. Nb3 O-O 9. Bd2 Nc6 10. Rc1 d6 11. Qe1 Qd7 12. Bg5 h6 13. Bxf6 Bxf6 14. Qd2 Rfd8 15. Rfd1 bxc4 16. Rxc4 a5 17. Qc1 a4 18. Nbd2 Rdb8 19. Rf4 Be7 {Murzin,V (2280)-Pridorozhni,A (2565) Sochi 2017 0-1 (74)}) 5... Be7 ({RR} 5... d6 6. c4 b4 7. Bb2 Nd7 8. d4 Ngf6 9. Nbd2 Be7 10. Re1 O-O 11. e4 cxd4 12. Nxd4 Nc5 13. e5 dxe5 14. Bxb7 Nxb7 15. Nc6 Qc7 16. Nxe7+ Qxe7 17. Bxe5 Rfd8 18. Bxf6 Qxf6 19. Ne4 Qe7 20. Qf3 {Vitiugov,N (2736)-Bukavshin,I (2648) Sochi 2015 ½-½ (37)}) 6. Bb2 Nf6 7. d3 O-O $146 ({RR} 7... Nc6 8. Nbd2 O-O 9. c4 a6 10. e3 d6 11. Qe2 Qb6 12. Rac1 b4 13. d4 Rfd8 14. Rfd1 a5 15. d5 exd5 16. cxd5 Nb8 17. Nc4 Qc7 18. e4 Nbd7 19. e5 Nxd5 20. exd6 Bxd6 21. Ng5 N7f6 22. Bxf6 {Zetterberg,S (2170)-Nyander,J Borlange 1995 1-0}) 8. c4 bxc4 9. dxc4 Qc7 10. Nc3 a6 11. Qc2 Nc6 12. Rad1 Rfd8 13. Qb1 Na7 14. e4 d6 15. Rfe1 Nc6 16. Rd2 Nd7 17. Nh4 Nd4 18. f4 Nb8 19. Nf3 Nbc6 20. Nxd4 Nxd4 21. Ne2 Bf6 22. Nxd4 Bxd4+ 23. Bxd4 cxd4 24. e5 Bxg2 25. Kxg2 dxe5 26. fxe5 Qc5 27. Qe4 Ra7 28. Rd3 a5 29. Red1 Rad7 30. h4 h5 31. R1d2 a4 32. Kh2 g6 33. Rg2 Ra7 34. g4 Ra5 35. Re2 hxg4 36. Qxg4 Kg7 37. Qf4 Rh8 38. Rxd4 Qe7 39. Rf2 axb3 40. axb3 Rh5 41. Qf6+ Qxf6 42. exf6+ Kh6 43. Kg3 Ra3 44. Rf3 g5 45. c5 Ra1 46. Rc3 Kg6 47. c6 gxh4+ 48. Kh2 Rh8 49. c7 Raa8 50. b4 h3 51. Rd2 1-0

[Event "UKR-ch 85th"]
[Site "Rivne"]
[Date "2016.12.09"]
[Round "4"]
[White "Kuzubov, Yuriy"]
[Black "Efimenko, Zahar"]
[Result "1-0"]
[WhiteElo "2651"]
[BlackElo "2651"]
[PlyCount "183"]
[EventDate "2016.12.06"]
[EventType "tourn"]
[EventRounds "11"]
[EventCountry "UKR"]
[EventCategory "14"]
[SourceTitle "CBM 176"]
[Source "ChessBase"]
[SourceDate "2017.01.17"]
[SourceVersion "1"]
[SourceVersionDate "2017.01.17"]
[SourceQuality "1"]

1. Nf3 Nf6 2. g3 d5 3. Bg2 c5 4. O-O g6 5. c4 d4 6. e3 Nc6 7. exd4 cxd4 8. d3 Bg7 9. Re1 Nd7 10. Na3 O-O 11. Nc2 a5 12. b3 Re8 $146 ({RR} 12... Nc5 13. Ba3 Qb6 14. Ng5 Bf5 15. Bxc5 Qxc5 16. Ne4 Qb6 17. a3 Ne5 18. Rb1 Bg4 19. f3 Bd7 20. Nf2 Bc6 21. f4 Bxg2 22. Kxg2 Qc6+ 23. Ne4 Nd7 24. Qf3 e5 25. b4 f5 26. Nd2 axb4 27. Qxc6 {Pinto,D (2257)-Wang,A (2321) Cochabamba 2019 0-1 (39)}) ({RR} 12... Nc5 13. Ba3 Qb6 14. Qd2 Bf5 15. Nh4 Nxd3 16. Nxf5 Nxe1 17. Nxe7+ Nxe7 18. Rxe1 Nc6 19. Bxf8 Rxf8 20. Rd1 Rd8 21. Ne1 Ne5 22. Nd3 Nxd3 23. Qxd3 Bf8 24. Re1 Bc5 25. Re2 Qf6 26. h4 b6 27. Bd5 {Padmini,R (2370)-Perrine,D (2247) Chess.com INT 2020 1-0 (46)}) 13. Ba3 Nde5 14. Ng5 Bg4 15. f3 Bf5 16. Ne4 b5 17. Nf2 Rc8 18. f4 Nd7 19. g4 Be6 20. Ne4 b4 21. Bc1 Nf6 22. Nxf6+ Bxf6 23. a3 bxa3 24. Bxa3 Bd7 25. Qf3 e5 26. Rf1 e4 27. dxe4 d3 28. Qxd3 Bxa1 29. Rxa1 Bxg4 30. Qc3 f6 31. Bb2 Be6 32. Ne3 Nb4 33. Rd1 Qe7 34. f5 Bxf5 35. Rf1 Rcd8 36. Nd5 Qc5+ 37. Kh1 Nxd5 38. exd5 Rd6 39. Qc1 Qe3 40. c5 Rdd8 41. Bxf6 Rd7 42. Qxe3 Rxe3 43. d6 Rf7 44. Bg5 Rd3 45. Re1 Bd7 46. Bh6 Rf6 47. c6 Rfxd6 48. cxd7 Rxd7 49. Bf1 Rd1 50. Bc4+ Kh8 51. Rxd1 Rxd1+ 52. Kg2 Ra1 53. Kg3 Ra3 54. Bc1 Ra2 55. Be3 Kg7 56. Bb5 Kf6 57. Ba4 g5 58. Bb6 h5 59. Bxa5 Kf5 60. Bd7+ Ke4 61. Bc7 Rc2 62. Ba5 Rb2 63. Be6 Rb1 64. Bd2 Ke5 65. Bc4 h4+ 66. Kh3 Kf6 67. Bc3+ Ke7 68. Bd4 Re1 69. Bf2 Re4 70. Bd3 Rf4 71. Kg2 Kf6 72. Bb6 Ke6 73. Be3 Rb4 74. Bc4+ Kf5 75. Kh3 Rb8 76. Bd3+ Ke5 77. Bc4 Kf5 78. Bc5 Rh8 79. Be2 Rd8 80. Be3 Rb8 81. Bd1 Rb4 82. Bc2+ Kf6 83. Bd2 Rb5 84. Kg4 Rd5 85. Be3 Rb5 86. Bd4+ Ke7 87. Bc3 Rb8 88. Bd2 Ke6 89. Bd3 Ke5 90. Bc4 Rd8 91. Bxg5 Rd4+ 92. Kh3 1-0